| 000 | 00362nam a2200157Ia 4500 | ||
|---|---|---|---|
| 003 | OSt | ||
| 005 | 20240415152652.0 | ||
| 008 | 170524s9999 xx 000 0 und d | ||
| 020 | _aNIL | ||
| 040 | _cIIMTU MEERUT | ||
| 100 | _aCARTHY- OTHERS | ||
| 100 | _c1996 | ||
| 245 | 0 | _aBUSINESS POLICY AND STRATEGY | |
| 260 | _aDELHI AITBS PUBLICATION | ||
| 942 |
_2ddc _c02 |
||
| 999 |
_c2084 _d2084 |
||